000 00673nam a22002417a 4500
003 UA-OsUOA
001 43429
007 ta
008 20061222b un ||||| |||| 00| 0 ukr d
100 _aГоркун М.Г.
090 _a811.111
_bГ69
942 _cBK
040 _aUA-OsUOA
_bukr
_cUA-OsUOA
_dUA-OsUOA
245 _aУчебник английского языка
300 _a359 с.
955 _a2
041 _aukr
080 _a811.111
020 _a5-11-002056-6
260 _aК.
_bВища школа
_c1991
650 7 _a8 Мовознавство. Художня література. Літературознавство
_2UDC
999 _c329555
_d329555